000 05946cam a22013934i 4500
003 PE-LiUPU
005 20250813185601.0
008 150706s2005 pe a rb 000 0 spa d
035 _a(Sirsi) a49451
040 _aPE-LiUPU
_bspa
_cPE-LiUPU
_erda
049 _aPRUA
082 0 4 _a378.85
_bEUP
_221
082 0 4 _a370.115
_bLL28 7 2005
100 1 _aLlaque Ramos, Luis José,
_eautor.
245 1 0 _aEstudio de internacionalización de nuevos proveedores en la educación superior en el Perú /
_cLuis José Llaque Ramos.
264 1 _aaLima :
_bAsamble Nacional de Rectores,
_c2005.
300 _a56 páginas ;
_c23 centimetros
336 _atext
_2rdacontent
337 _aunmediated
_2rdamedia
338 _avolume
_2rdacarrier
490 0 _aEstudios sobre la Educación Universitaria Peruana
505 0 _aEl Mercado de Educación Superior en el Ámbito de Posgrado en el Perú -- Proveedores Internacionales de Educación Universitaria en el Perú -- La Educación a Distancia y el Papel de las nuevas tecnologías de la información y comunicación -- El sistema de Reconocimiento y revalidaciones de estudios en el Perú -- El sistema de Acreditación en el Perú -- La educación superior y el comercio de servicios en el Perú -- Perspectivas futuras de los nuevos proveedores de Educación superior en el Perú.
526 _aP202
526 _aP201
526 _aP163
526 _aP162
526 _aP161
526 _aP160
526 _aP148
526 _aP147
526 _aP146
526 _aP145
526 _aP144
526 _aP143
526 _aP142
526 _aP141
526 _aP140
526 _aP139
526 _aP138
526 _aP137
526 _aP136
526 _aP135
526 _aP134
526 _aP133
526 _aP129
526 _aP128
526 _aP127
526 _aP120
526 _aP119
526 _aP118
526 _aP116
526 _aP115
526 _aP114
526 _aP110
526 _aP109
526 _aP108
526 _aP104
526 _aP103
526 _aP102
526 _aP99
526 _aP98
526 _aP97
526 _aP96
526 _aP95
526 _aP93
526 _aP90
526 _aP89
526 _aP88
526 _aP83
526 _aP82
526 _aP62
526 _aP59
526 _aP58
526 _aP57
526 _aP51
526 _aP49
526 _aP48
526 _aP47
526 _aP29
526 _aP24
526 _aP20
526 _aP19
526 _aP17
526 _aP15
526 _aP14
526 _aP12
526 _aP10
526 _aP09
526 _aP08
526 _aP07
526 _aP06
526 _aP05
526 _aP04
526 _aP01
650 0 4 _aEducación superior
_zPerú
_xProveedores de servicios de aplicaciones.
910 _bjv
_cng
_d20110405
942 _2ddc
_cBOOK
949 _a378.85 EUP 7
_wDEWEY
_c1
_i62716
_lCCODEBUL1
_mBUL
_p10.00
_r0
_sY
_tLIBRO
_u2015-07-06
_xBIBLIOTECA
_zUNKNOWN
_o.STAFF. Colección General
949 _a378.85 EUP 7
_wDEWEY
_c2
_i62715
_lCCODEBUL1
_mBUL
_p10.00
_r0
_sY
_tLIBRO
_u2015-07-06
_xBIBLIOTECA
_zUNKNOWN
_o.STAFF. Colección General
949 _a370.115 LL28 7 2005
_wDEWEY
_c1
_iFJ04752
_lCCODEBUJ1
_mBUJ
_p5.00
_r0
_sY
_tBOOK
_u2016-12-06
_xEDUCACION
_PP20
_0COMPRA
_o.STAFF. Colección General Juliaca
949 _a370.115 LL28 7 2005
_wDEWEY
_c2
_iFJ04753
_lCCODEBUJ1
_mBUJ
_p5.00
_r0
_sY
_tBOOK
_u2016-12-06
_xEDUCACION
_PP20
_0COMPRA
_o.STAFF. Colección General Juliaca
949 _a370.115 LL28 7 2005
_wDEWEY
_c3
_iFJ04754
_lCCODEBUJ1
_mBUJ
_p5.00
_r0
_sY
_tBOOK
_u2016-12-06
_xEDUCACION
_PP20
_0COMPRA
_o.STAFF. Colección General Juliaca
949 _a370.115 LL28 7 2005
_wDEWEY
_c4
_iFJ04755
_lCCODEBUJ1
_mBUJ
_p5.00
_r0
_sY
_tBOOK
_u2016-12-06
_xEDUCACION
_PP20
_0COMPRA
_o.STAFF. Colección General Juliaca
949 _a370.115 LL28 7 2005
_wDEWEY
_c5
_iFJ04756
_lCCODEBUJ1
_mBUJ
_p5.00
_r0
_sY
_tBOOK
_u2016-12-06
_xEDUCACION
_PP20
_0COMPRA
_o.STAFF. Colección General Juliaca
949 _a370.115 LL28 7 2005
_wDEWEY
_c6
_iFJ04757
_lCCODEBUJ1
_mBUJ
_p5.00
_r0
_sY
_tBOOK
_u2016-12-06
_xEDUCACION
_PP20
_0COMPRA
_o.STAFF. Colección General Juliaca
994 _aC0
_bPEPRU
596 _a1 3
999 _a378.85 EUP 7
_wDEWEY
_c51799
_i62716
_f2021-11-8
_g5
_lCCODEBUL1
_mBUL
_p10.00
_r0
_sN
_tBOOK
_u2015-7-6
_xEDUCACION
_zUNKNOWN
_0COMPRA
_o.STAFF. Colección General
_d51799
999 _a378.85 EUP 7
_wDEWEY
_c2
_i62715
_f2021-11-8
_g5
_lCCODEBUL1
_mBUL
_p10.00
_r0
_sY
_tBOOK
_u2015-7-6
_xEDUCACION
_zUNKNOWN
_0COMPRA
_o.STAFF. Colección General
999 _a370.115 LL28 7 2005
_wDEWEY
_c1
_iFJ04752
_f2022-1-18
_g4
_lCCODEBUJ1
_mBUJ
_p5.00
_r0
_sY
_tBOOK
_u2016-12-6
_xEDUCACION
_PP20
_0COMPRA
_o.STAFF. Colección General Juliaca
999 _a370.115 LL28 7 2005
_wDEWEY
_c2
_iFJ04753
_f2022-1-18
_g4
_lCCODEBUJ1
_mBUJ
_p5.00
_r0
_sY
_tBOOK
_u2016-12-6
_xEDUCACION
_PP20
_0COMPRA
_o.STAFF. Colección General Juliaca
999 _a370.115 LL28 7 2005
_wDEWEY
_c3
_iFJ04754
_f2022-1-18
_g4
_lCCODEBUJ1
_mBUJ
_p5.00
_r0
_sY
_tBOOK
_u2016-12-6
_xEDUCACION
_PP20
_0COMPRA
_o.STAFF. Colección General Juliaca
999 _a370.115 LL28 7 2005
_wDEWEY
_c4
_iFJ04755
_f2022-1-18
_g5
_lCCODEBUJ1
_mBUJ
_p5.00
_r0
_sY
_tBOOK
_u2016-12-6
_xEDUCACION
_PP20
_0COMPRA
_o.STAFF. Colección General Juliaca
999 _a370.115 LL28 7 2005
_wDEWEY
_c5
_iFJ04756
_f2022-1-18
_g4
_lCCODEBUJ1
_mBUJ
_p5.00
_r0
_sY
_tBOOK
_u2016-12-6
_xEDUCACION
_PP20
_0COMPRA
_o.STAFF. Colección General Juliaca
999 _a370.115 LL28 7 2005
_wDEWEY
_c6
_iFJ04757
_f2022-1-18
_g4
_lCCODEBUJ1
_mBUJ
_p5.00
_r0
_sY
_tBOOK
_u2016-12-6
_xEDUCACION
_PP20
_0COMPRA
_o.STAFF. Colección General Juliaca
980 _81
_gALBERTO SANCHEZ Responsable de Automatización